000 00824nam a2200265 i 4500
001 C2-0326669
003 PPAK
005 20180728124500.0
008 140409s2013 my a|||| ||||| | may d
020 _a9789670172316
040 _aPPAK
_beng
_cPPAK
_erda
082 0 4 _a959.5
_223
090 0 0 _a959.5
_bTRA
_dK
245 0 0 _aTransformasi menepati janji
264 1 _aBachok, Kelantan :
_bNurul Cipta Kreatif ,
_c2013
300 _a36 pages :
_bcolour illustrations ;
_c26 cm
336 _2rdacontent
_atext
337 _2rdamedia
_aunmediated
338 _2rdacarrier
_avolume
490 1 _aSiri koleksi kejayaan Malaysia
650 1 0 _aMalaysia - Social conditions. ; Malaysia - Politics and government.
700 0 _aPuteri Suzana Faris,
_ecompile
830 0 _aSiri koleksi kejayaan Malaysia
942 _ddc
_cB
999 _c126318
_d126318